Henry Mottu, Un itinéraire théologique. Barth, Bonhoeffer et la théologie africaine-américaine, Genève/ Lausanne/Neuchâtel, Revue de théologie et de philosophie, coll. « Cahiers 21 », 2004. 23 cm. 243 p. FS 22 (notice n° 2222520)

détails MARC
000 -LEADER
fixed length control field 00683cam a2200145 4500500
005 - DATE AND TIME OF LATEST TRANSACTION
control field 20260426010547.0
041 ## - LANGUAGE CODE
Language code of text/sound track or separate title fre
042 ## - AUTHENTICATION CODE
Authentication code dc
100 10 - MAIN ENTRY--PERSONAL NAME
Personal name Cottin, Jérôme
Relator term author
245 00 - TITLE STATEMENT
Title Henry Mottu, Un itinéraire théologique. Barth, Bonhoeffer et la théologie africaine-américaine, Genève/ Lausanne/Neuchâtel, Revue de théologie et de philosophie, coll. « Cahiers 21 », 2004. 23 cm. 243 p. FS 22
260 ## - PUBLICATION, DISTRIBUTION, ETC.
Date of publication, distribution, etc. 2005.<br/>
500 ## - GENERAL NOTE
General note 7
786 0# - DATA SOURCE ENTRY
Note Études théologiques et religieuses | 80 | 3 | 2005-09-01 | p. 431h-439h | 0014-2239
856 41 - ELECTRONIC LOCATION AND ACCESS
Uniform Resource Identifier <a href="https://shs.cairn.info/revue-etudes-theologiques-et-religieuses-2005-3-page-431h?lang=fr&redirect-ssocas=7080">https://shs.cairn.info/revue-etudes-theologiques-et-religieuses-2005-3-page-431h?lang=fr&redirect-ssocas=7080</a>

Pas d'exemplaire disponible.

PLUDOC

PLUDOC est la plateforme unique et centralisée de gestion des bibliothèques physiques et numériques de Guinée administré par le CEDUST. Elle est la plus grande base de données de ressources documentaires pour les Étudiants, Enseignants chercheurs et Chercheurs de Guinée.

Adresse

627 919 101/664 919 101

25 boulevard du commerce
Kaloum, Conakry, Guinée

Réseaux sociaux

Powered by Netsen Group @ 2025